000 01438cad a22002535a 4500
001 L160087
008 120529s2010 xxk g 000 0 eng d
035 _a(Sirsi) u160087
041 0 _aeng
110 _aFederation International Des Geometres
111 2 _aFIG Working Week 2010
_bSydney, Australia
_c11-16 April 2010
245 0 0 _aCan the innovative use of mobile phones support more effective land administration services?
_h[electronic resource]
260 _aSydney
_bFIG
_c2010
520 _aExplores the opportunities provided by increasingly ubiquitous mobile phones to support the delivery of and participation in land administration services. Mobile phones will increasingly integrate GNSS positioning, digital cameras and video capabilities and provide citizens with the opportunity to get directly involved in the land registration and cadastral process.
650 2 4 _aLAND REGISTRATION
650 2 4 _aLAND ADMINISTRATION
650 2 4 _aMOBILE PHONES
651 4 _aInternational
690 _aLand use
_96251
700 1 _aMcLaren, Robin
856 4 0 _uhttps://www.rics.org/Global/Downloads/Can_the_Innovative_Use_of_Mobile_Phones_Support_More_Effective_Land_Administration_Services.pdf
_zView the paper free of charge at www.rics.org
856 4 0 _uhttps://fig.net/resources/proceedings/fig_proceedings/fig2010/ppt/ts03b/ts03b_mclaren_ppt_4447.pdf
_zView the presentation free of charge at www.fig.net
942 _n0
999 _c116204
_d116204